000 00344nam a22001337a 4500
008 140130b xxu||||| |||| 00| 0 eng d
100 _9102
_a Jonson, James C.
245 _aContemporary logistics
_cby James C. Jonson & others.
250 _a7th ed.
260 _bPrentice Hall,
_cc
300 _a100p
650 0 _939
_aManagement
942 _2ddc
_cBK
999 _c83
_d83